| 000 | 01341 a2200241 4500 | ||
|---|---|---|---|
| 001 | 21581 | ||
| 005 | 20260407155506.0 | ||
| 008 | 260407a2010 arg spa d | ||
| 003 | AR-UNSa-BCEJYS | ||
| 040 |
_aAR-UNSa-BCEJYS _bspa _cAR-UNSa-BCEJYS |
||
| 080 |
_a336.221 _xTributación |
||
| 245 | 1 | 0 |
_aHistoria de la tributación argentina (1810-2010) _phomenaje de la Asociación Argentina de Estudios Fiscales a la Patria en su Bicentenario |
| 020 | _a978-950-9761-15-5 | ||
| 264 | 1 |
_aBuenos Aires : _bErrepar _c2010 |
|
| 300 |
_alv, 1038 p. _c22 cm. |
||
| 505 | _a1. Período anterior a 1810 - 2. Período 1810-1827 - 3. Período 1827-1852 - 4. Período 1852-1866 - 5. Período 1866-1880 - 6. Período 1880-1916 - 7. Período 1916-1930 - 8. Período 1930-1943 - 9. Período 1943-1946 - 10. Período 1946-1955 - 11. Período 1955-1958 - 12. Período 1958-1962 - 13. Período 1962-1966 - 14. Período 1966-1973 - 15. Período 1973-1976 - 16. Período 1976-1983 - 17. Período 1983-1989 - 18. Período 1989-1999 - 18. Período 2000-2009. | ||
| 041 | _aspa | ||
| 942 | _cBK | ||
| 590 | _aniveau_biblio:m niveau_hierar:0 | ||
| 100 | 1 | _aGarcía Belsunce, Horacio A. | |
| 700 | 1 | _aDíaz, Vicente O. | |
| 856 | 4 | 1 |
_uhttps://biblioeco.unsa.edu.ar/pmb/images/libros/Historio de la Tributacion Argentina(1810-2010)2.jpg _yImagen de portada _qimage/jpeg |
| 999 |
_c825 _d825 |
||